Kim's kingdom through the eyes of journalists and cartoonists

Salvato in:
Dettagli Bibliografici
Natura: Libro
Lingua:spagnolo
Pubblicazione: Seúl The Institute for North Korea Studies 1984
Soggetti:
Tags: Aggiungi Tag
Nessun Tag, puoi essere il primo ad aggiungerne!!

MARC

LEADER 00000nam a2200000 a 4500
001 UCP7616
003 CL-VaPUC
008 991217e19840000KO |||||||||||||||||spa|d
082 0 4 |a 327.519  |b KIM  |2 21 
245 1 0 |a Kim's kingdom through the eyes of journalists and cartoonists 
300 |a 68 p 
942 |c BK 
945 |d 19991217 00:00:00  |a crobeson 
260 |a Seúl  |b The Institute for North Korea Studies  |c 1984 
600 0 7 |a KIM, IL-SUNG  |2 CL-VaPUC  |9 437075 
650 0 |a Política internacional  |9 255813 
650 0 |a Prensa  |9 258117 
650 0 |a Periodismo   |9 310113 
650 7 |a TIRAS COMICAS  |2 CL-VaPUC  |9 341012 
650 7 |a SATIRAS  |2 CL-VaPUC  |9 416377 
651 7 |a COREA DEL NORTE  |2 CL-VaPUC  |9 437076 
583 |a last modification  |c 19991217 00:00:00  |k Rodrigo Vera 
999 |c 284735  |d 284733 
952 |0 0  |1 0  |4 0  |6 327_519000000000000_KIM_1984  |7 0  |8 A  |9 328926  |a BIBHIS  |b BIBHIS  |d 2019-11-20  |i 1372718  |o 327.519 KIM 1984  |p 1372718  |r 2025-01-20  |w 2019-11-20  |y BK  |k HIS